000 00915cab a2200265 4500
001 ABS54926
008 090401t1996 xxu||||| |||| 00| 0 eng d
035 _a(Sirsi) u13146
041 _aeng
100 _aPang, L.H.C.
245 4 _aThe value to the owner in expropriation
260 _c1996
350 _a0
490 _aCanadian Appraiser
_v40(1) Spring 1996, 34-36(3)
520 _aCompares two methods of appraisal: `open market value` and `value to the owner`, the latter being particularly applicable in a case of expropriation (Canadian article).
650 _aCOMPENSATION
650 _aCompulsory purchase
_96228
650 _aDISTURBANCE DAMAGES
650 _aEXPROPRIATION
650 _aOPEN MARKET VALUE
650 _aVALUE TO THE OWNER
690 _aENVIRONMENTAL AND LAND CONSULTANCY-PLANNING AND DEVELOPMENT-COMPULSORY PURCHASE AND COMPENSATION
942 _n0
948 _c04/03/1997
999 _c8455
_d8455